| 000 | 00892nas a2200289 4500 | ||
|---|---|---|---|
| 001 | BR2011001400 | ||
| 003 | BR-BrBNA | ||
| 005 | 20231205114514.0 | ||
| 007 | ta | ||
| 008 | 230509b bl.|||p| |||| 00| 00por d | ||
| 040 |
_aBR-BrBNA _bpor _cBiblioteca Nacional de Agricultura |
||
| 041 | _a(Pt) | ||
| 072 | _aF03 | ||
| 100 | 1 | _aRibeiro, M.C.C. | |
| 100 | 1 | _aBarros, N.M.S. | |
| 100 | 1 | _aBarros Júnior, A.P. | |
| 100 | 1 | _aSilveira, L.M. | |
| 245 | 1 | _aTolerância do sabiá (Mimosa caesalpiniifolia Benth)à salinidade durante a germinação e o desenvolvimento de plântulas | |
| 650 | _aSABIÁ | ||
| 650 | _aSEMENTE | ||
| 650 | _aPODER GERMINATIVO | ||
| 650 | _aSALINIDADE | ||
| 650 | _aTESTE DE VIGOR | ||
| 773 | 0 |
_tRevista Caatinga (Brazil) _xISSN 0100-316X _g(2008), v. 21(5) p. 140-143 _wBR2011001400 |
|
| 909 |
_a202311 _bLúcia _c55 _dLúcia Elande |
||
| 942 |
_2AGRIS _n0 _cANA |
||
| 999 |
_c209082 _d209082 |
||